Môžeme si dovoliť miestnu samosprávu? Stručná analýza ponuky ľudských zdrojov
Cieľom štúdie je porovnať schopnosť obcí v Česku a na Slovensku zabezpečiť dostatočné množstvo kandidátov do obecných zastupiteľstiev tak, aby medzi nimi mohla prebehnúť súťaž v politickom zmysle a teda aby si občania mohli vyberať svojich zástupcov z väčšieho počtu kandidátov ako je počet obsadzova...
Guardado en:
| Autor principal: | |
|---|---|
| Otros Autores: | |
| Formato: | Capítulo de libro |
| Lenguaje: | eslovaco |
| Materias: | |
| Etiquetas: |
Sin Etiquetas, Sea el primero en etiquetar este registro!
|
MARC
| LEADER | 00000naa$a2200000$$$4500 | ||
|---|---|---|---|
| 001 | 0307314 | ||
| 005 | 20251111093045.8 | ||
| 041 | 0 | |a slo | |
| 044 | |a CZ | ||
| 245 | 1 | 0 | |a Môžeme si dovoliť miestnu samosprávu? Stručná analýza ponuky ľudských zdrojov |c Tomáš Černěnko, Erika Neubauerová |
| 520 | |a Cieľom štúdie je porovnať schopnosť obcí v Česku a na Slovensku zabezpečiť dostatočné množstvo kandidátov do obecných zastupiteľstiev tak, aby medzi nimi mohla prebehnúť súťaž v politickom zmysle a teda aby si občania mohli vyberať svojich zástupcov z väčšieho počtu kandidátov ako je počet obsadzovaných miest v zastupiteľstve. | ||
| 610 | 2 | 0 | |a samospráva |
| 610 | 2 | 0 | |a obce |
| 610 | 2 | 0 | |a zdroje ľudské |
| 610 | 2 | 0 | |a Česko |
| 610 | 2 | 0 | |a Slovensko |
| 100 | 1 | |a Černěnko, Tomáš, 1981- | |
| 700 | 1 | |a Neubauerová, Erika, 1968- | |